Diseno de iluminacion de carreteras

সংরক্ষণ করুন:
গ্রন্থ-পঞ্জীর বিবরন
প্রধান লেখক: Delgado Mora, Javier Francisco
বিন্যাস: গবেষণাপত্র গ্রন্থ
ভাষা:Undetermined
প্রকাশিত: 1978
বিষয়গুলি:
ট্যাগগুলো: ট্যাগ যুক্ত করুন
কোনো ট্যাগ নেই, প্রথমজন হিসাবে ট্যাগ করুন!

MARC

LEADER 00000nam a2200000Ia 4500
001 2023
008 140114s9999 xx 000 0 und d
100 |a Delgado Mora, Javier Francisco 
245 |a Diseno de iluminacion de carreteras 
260 |c 1978 
500 |a NULL 
502 |a Escuela de ingenieria Electrica 
650 |z ILUMINACION DE CARRETERAS 
999 |c 11494  |d 11494